| 000 | 00897nam a22002534i 4500 | ||
|---|---|---|---|
| 001 | UByD004352 | ||
| 003 | AR-LpoUNG | ||
| 005 | 20260220101733.0 | ||
| 008 | 260220s2017 sp grd 000 0 spa d | ||
| 020 | _a9789686321265 | ||
| 040 |
_aAR-LpoUNG _bspa _cAR-LpoUNG _erda |
||
| 082 | 0 | _aR423 15oce | |
| 245 | 0 | 0 |
_aOcéano Pocket : _bdiccionario : inglés-español español-inglés |
| 260 |
_aBarcelona : _bOcéano, _c2017. |
||
| 300 | _a704 páginas | ||
| 650 | 4 | _aDiccionarios bilingües | |
| 650 | 4 | _aObras de referencia | |
| 650 | 4 | _aTerminología | |
| 650 | 4 | _aLengua inglesa | |
| 650 | 4 | _aEspañol | |
| 655 | 4 | _aDiccionarios | |
| 942 |
_2ddc _cLSALA |
||
| 999 |
_c67422 _d67422 |
||